Statistics for The Simpsons

Click here to take the quiz!

General Stats

  • This quiz has been taken 89 times
    (66 since last reset)
  • The average score is 13 of 19

Answer Stats

Hint Answer % Correct
Who is the father?Homer
100%
Who is the daughter?Lisa
95%
Who is his father?Abe
89%
Who is her brother?Bart
87%
How old is he?10
87%
Who is his friend?Milhouse
85%
What instrument does she play?Saxophone
84%
What is Nelson's catchphrase?Haha!
76%
The children's favourite clown is:Krusty
76%
Who is the youngest daughter?Maggie
75%
Who is the main mother in the program?Marge
75%
Who does that boy fancy?Lisa
73%
He lives with hisMother
69%
He worked in the ____ before he became a headmasterArmy
62%
The children's favourite cartoon animals is:Itchy and Scratchy
58%
The clown discovers his Dad is a ___ and wants to convert himJew
51%
Who does she have an on-off relationship with?Seymour
49%
What is the TV channel promoted?Fox
44%
Who teaches Nelson and Bart?Mrs Krapappel
4%

Score Distribution

Percentile by Number Answered

Percent of People with Each Score

Your Score History

You have not taken this quiz since the last reset